7. ročník medzinárodného stretnutia drotárskych majstrov Považské múzeum v Žiline Vás pozýva v dňoch 13.-15. júna 1997 do Budatínskeho zámku

Podrobná bibliografia
Korporácia: Medzinárodné stretnutie drotárskych majstrov Žilina, Slovensko, Považské múzeum
Médium: Konferenčný príspevok Fotografia
Jazyk:slovenčina
Fyzický popis:1 plagát 58 x 42 cm
Vydavateľské údaje: Žilina Považské múzeum 1997
Predmet:

MARC

LEADER 00000ckm a2200000 a 4500
001 vtls001291851
003 SK-MaSNL
005 20260302065904.0
007 kf ou
008 240409s1997 xo g 0k slo
015 |a SNBG1998/03-01720 
035 |a SNK000243539 
035 |a urn:nbn:sk:snk-km002noz 
035 |a 53FD5FF7-5E98-4D55-B11C-358500B6FF5B 
035 |a urn:nbn:sk:snk-kmtfmx 
040 |a SNK  |b slo  |c SNK  |e AACR2 
041 0 |a slo 
044 |a xo  |c SK 
080 |a 739:061.7:069.6.02:73/76  |2 1981 
080 |a 069.6.02:73/76  |2 1981 
080 |a (084.5)  |2 1981 
111 2 |a Medzinárodné stretnutie drotárskych majstrov  |n (7. :  |d 1997 :  |c Žilina, Slovensko)  |9 85486 
245 1 0 |a 7. ročník medzinárodného stretnutia drotárskych majstrov  |h grafika  |b Považské múzeum v Žiline Vás pozýva v dňoch 13.-15. júna 1997 do Budatínskeho zámku 
246 3 |a Siedmy ročník medzinárodného stretnutia drotárskych majstrov 
260 |a Žilina  |b Považské múzeum  |c 1997 
300 |a 1 plagát  |c 58 x 42 cm 
648 7 |a 1997  |2 SNKPH  |9 283446 
650 0 7 |a drotárstvo  |2 SNKPH  |9 31752 
650 0 7 |a umelecké remeslá  |2 SNKPH  |9 3094 
651 7 |a Žilina (Slovensko)  |2 SNKPH  |9 28812 
655 7 |a plagáty spoločenských akcií  |2 SNKPH  |9 70743 
710 2 |a Považské múzeum  |9 33264 
852 |a Slovenská národná knižnica 
958 |a CP 
958 |a GBN 
958 |a OND 
999 |c 1144346  |d 1146276 
952 |t P60, <03>, [BOOK], {603}  |a SNK  |b SNK  |y PREZ  |7 0  |o snkLPA 43187  |i snkPL 14/97  |0 0  |1 0  |4 0  |d 1997-06-24  |l 0  |r 2005-01-02 00:00:00  |w 2026-02-24 
952 |t P60, <04>, [BOOK], {604}  |a SNK  |b SNK  |y VYP  |7 0  |p 17A1162243  |o snkLPA 43187 D1  |i snkPL 15/97  |0 0  |1 0  |4 0  |d 1997-06-24  |f 1  |l 0  |r 2005-01-02 00:00:00  |w 2026-02-24